000 00880nam a2200217 a 4500
001 000013427
003 DO-SdBNP
005 20250410134643.0
008 091124s1971 dr 000 s spa d
040 _aDO-SdBNP
_bspa
_cBNPHU
082 4 _aRD865.44
_bB171r
245 1 3 _aEl respeto a los derechos humanos tiene que ser obra de todos /
_cJoaquín Balaguer.
260 _aSanto Domingo :
_bSociedad Interamericana de Prensa,
_c1971.
300 _a16 p. ;
_c21 cm.
500 _aDiscurso pronunciado por el Sr. Presidente de la República Doctor Joaquín Balaguer el día 22 de marzo de 1971, al inaugurar la Asamblea de la Sociedad Interamericana de Prensa .
650 1 4 _aDerechos humanos
_zRepública Dominicana
_912374
650 1 4 _aViolación de los derechos humanos
_930684
650 1 0 _aDerecho civil
_95702
650 1 4 _aLibertad de palabra
_930685
942 _2ddc
_cLBS1
999 _c13053
_d13053